Site planning

Αποθηκεύτηκε σε:
Λεπτομέρειες βιβλιογραφικής εγγραφής
Κύριος συγγραφέας: Lynch, Kevin 1918-
Άλλοι συγγραφείς: Hack, Gary
Μορφή: Βιβλίο
Γλώσσα:English
Δημοσίευση: Cambridge : MIT, c1984
Έκδοση:3rd ed.
Θέματα:
Ετικέτες: Προσθήκη ετικέτας
Δεν υπάρχουν, Καταχωρήστε ετικέτα πρώτοι!

MARC

LEADER 00000cam a2200000 i 4500
001 1/77056
008 941021s1984 eng d
020 |a 0-262-12106-9 
035 |l 10004167 
040 |a GR-MY-UA  |b gre  |e aacr 
041 0 |a eng 
082 0 |a 720 
100 1 |a Lynch, Kevin  |d 1918- 
245 1 0 |a Site planning /  |c Kevin Lynch; Gary Hack 
250 |a 3rd ed. 
260 |a Cambridge :   |b MIT,   |c c1984 
300 |a vii, 499 σ.;  |b εικ.;  |c 24 εκ. 
504 |a Περιέχει βιβλιογραφικές παραπομπές (σ. 471-481) και ευρετήριο 
650 0 0 |a Building sites  |x Planning. 
700 1 |a Hack, Gary. 
852 |a INST  |b LESVOS  |e 19941021  |h 720 LYN  |p 005100003534  |q 005100003534  |t BK  |y 0 
909 |a Λ  |b 005177